That's settled, then (Record no. 77838)

MARC details
000 -LEADER
fixed length control field 00675cab a2200193 4500
001 - CONTROL NUMBER
control field ##L135244
008 - FIXED-LENGTH DATA ELEMENTS--GENERAL INFORMATION
fixed length control field 061006n 000 0 eng u
035 ## - SYSTEM CONTROL NUMBER
System control number (Sirsi) u135244
041 0# - LANGUAGE CODE
Language code of text/sound track or separate title eng
100 1# - MAIN ENTRY--PERSONAL NAME
Personal name Clark, Bryan
245 00 - TITLE STATEMENT
Title That's settled, then
490 #0 - SERIES STATEMENT
Series statement Journal of the Law Society of Scotland
Volume/sequential designation 51(9)September 2006, 22-23(2)
520 ## - SUMMARY, ETC.
Summary, etc. Presents findings into the attitudes and experiences of Scottish commercial litigators relative to alternative dispute resolution.
590 ## - LOCAL NOTE (RLIN)
Local note IKA171006
651 #4 - SUBJECT ADDED ENTRY--GEOGRAPHIC NAME
Geographic name Scotland
Chronological subdivision 1999-
690 ## - LOCAL SUBJECT ADDED ENTRY--TOPICAL TERM (OCLC, RLIN)
Topical term or geographic name as entry element MANAGEMENT-DISPUTE AVOIDANCE, MANAGEMENT AND RESOLUTION-DISPUTE AVOIDANCE
700 1# - ADDED ENTRY--PERSONAL NAME
Personal name Dawson, Charles
942 ## - ADDED ENTRY ELEMENTS (KOHA)
Suppress in OPAC 0
Holdings
Withdrawn status Lost status Source of classification or shelving scheme Damaged status Not for loan Home library Current library Shelving location Date acquired Total Checkouts Full call number Barcode Date last seen Copy number Price effective from Koha item type
    Dewey Decimal Classification     London London Journal article 06/10/2006   L135244 135244-1001 06/08/2019 1 06/08/2019 Journal article